000 00361nam a2200145Ia 4500
008 240624s9999 xx 000 0 und d
041 _aeng
082 _a337 CHE
100 _aCHERUNILAM FRANCIS
245 _aINTERNATIONAL ECONOMICS
250 _a(4th ed.)
260 _c2006
_aNew Delhi
_bTata McGrawhill
300 _axxx, : 691 : p. : cm ; 24
365 _cRS
999 _c3228
_d3228